000 00652nam a2200241Ia 4500
008
020 _a027360905X (pbk.)
049 _aMAIN
090 _aHG4026
100 1 _aJones, Ernest.
245 1 4 _aThe Financial Times guide to business finance /
_cErnest Jones.
260 _aLondon :
_bPitman,
_c1994.
300 _a266 p. :
_bill. ;
_c24 cm.
500 _aIncludes index.
650 0 _aCorporations
_xFinance.
650 0 _aAccounting.
699 1 _aD 658.15
907 _a.b10059088
_b25-01-07
_c17-04-03
003
005 20230123133853.0
040 _cNUST
942 _cBOOKS
_kHG4026
999 _c156037
_d156037